000
00316nam a22001337a 4500
003
SGT
082
_a
617.966
_b
D89A
100
_a
Allen, G. D.
245
_a
Dental Anesthesia and Analgesia
250
_a
3rd Ed.
260
_b
C.B.S. Publishers & Distributers Pvt. Ltd.
_c
1989
300
_a
432
942
_2
ddc
_c
RARE
999
_c
33148
_d
33148